CULTURE THEORY / (Record no. 616705)

000 -LEADER
fixed length control field 00347nam a22001337a 4500
027 ## - STANDARD TECHNICAL REPORT NUMBER
Qualifying information PB.
040 ## - CATALOGING SOURCE
Transcribing agency FIZZA ISHAQ
082 ## - DEWEY DECIMAL CLASSIFICATION NUMBER
Classification number 301.01
Author Mark KAP
100 ## - MAIN ENTRY--PERSONAL NAME
Personal name Kaplan , David.
9 (RLIN) 133747
245 ## - TITLE STATEMENT
Title CULTURE THEORY /
Statement of responsibility, etc. David Kaplan.
260 ## - PUBLICATION, DISTRIBUTION, ETC.
Place of publication, distribution, etc. New Jersey:
Name of publisher, distributor, etc. Prentice Hall,
Date of publication, distribution, etc. 1972.
300 ## - PHYSICAL DESCRIPTION
Extent 212 P. ;
Dimensions 8.9 X 5.8 X 0.6 inches
942 ## - ADDED ENTRY ELEMENTS (KOHA)
Source of classification or shelving scheme
Koha item type Book
Holdings
Withdrawn status Lost status Source of classification or shelving scheme Damaged status Not for loan Permanent Location Current Location Shelving location Date acquired Full call number Barcode Date last seen Price effective from Koha item type
          NUST Baluchistan Campus (NBC) NUST Baluchistan Campus (NBC) General Stacks 03/25/2026 306.3 KAP QD-555 03/25/2026 03/25/2026 Book
© 2023 Central Library, National University of Sciences and Technology. All Rights Reserved.